书目信息 |
| 题名: |
喀布尔的星空
|
|
| 作者: | 冯文嘉 著 ;刘宸含 译 | |
| 分册: | ||
| 出版信息: | 南京 江苏文艺出版社 2013.11 |
|
| 页数: | 273页 | |
| 开本: | 24cm | |
| 丛书名: | ||
| 单 册: | ||
| 中图分类: | I711.55 | |
| 科图分类: | ||
| 主题词: | 纪实文学--加拿大--现代 , 纪实文学 | |
| 电子资源: | ||
| ISBN: | 978-7-5399-6671-7 | |
| 000 | 00934nam0 2200277 450 | |
| 001 | 0120131152561 | |
| 005 | 20140610163138.95 | |
| 010 | @a978-7-5399-6671-7@dCNY32.00 | |
| 100 | @a20131113d2013 em y0chiy0110 ea | |
| 101 | 1 | @achi@ceng |
| 102 | @aCN@b320000 | |
| 105 | @ay z 000zy | |
| 106 | @ar | |
| 200 | 1 | @a喀布尔的星空@9ka bu er de xing kong@dUnder an afghan sky@f(加)冯文嘉著@g刘宸含译@zeng |
| 210 | @a南京@c江苏文艺出版社@d2013.11 | |
| 215 | @a273页@d24cm | |
| 330 | @a本书共分为二十五章,主要内容包括:“我是塔利班”;“下面”的世界;只有一个天堂;隐私权;自杀式人体炸弹;幸好,他们没用AK指着我的头等。 | |
| 333 | @a文学爱好者 | |
| 510 | 1 | @aUnder an afghan sky@zeng |
| 606 | 0 | @a纪实文学@y加拿大@z现代 |
| 606 | 0 | @a纪实文学 |
| 690 | @aI711.55@v5 | |
| 701 | 0 | @c(加)@a冯文嘉@9feng wen jia@4著 |
| 702 | 0 | @a刘宸含@9liu chen han@4译 |
| 801 | 0 | @aCN@b人天书店@c20131113 |
| 905 | @b845682-85@dI711.55@e26@f4 | |
| 喀布尔的星空=Under an afghan sky/(加)冯文嘉著/刘宸含译.-南京:江苏文艺出版社,2013.11 |
| 273页;24cm |
| 使用对象:文学爱好者 |
| ISBN 978-7-5399-6671-7:CNY32.00 |
| 本书共分为二十五章,主要内容包括:“我是塔利班”;“下面”的世界;只有一个天堂;隐私权;自杀式人体炸弹;幸好,他们没用AK指着我的头等。 |
| ● |
| 相关链接 |
|
|
|
|
正题名:喀布尔的星空
索取号:I711.55/26
 
预约/预借
| 序号 | 登录号 | 条形码 | 馆藏地/架位号 | 状态 | 备注 |
| 1 | 845682 | 208456829 | 第一样本阅览室/ [索取号:I711.55/26] | 在馆 | |
| 2 | 845683 | 208456838 | 第二借阅区/ [索取号:I711.55/26] | 在馆 | |
| 3 | 845684 | 208456847 | 第二借阅区/ [索取号:I711.55/26] | 在馆 | |
| 4 | 845685 | 208456856 | 第二借阅区/ [索取号:I711.55/26] | 在馆 |